[Event "SSC-Rostock-Open 2013"]
[Site "Rostock"]
[Date "2013.08.03"]
[Round "6.22"]
[White "Siegert, Gregor"]
[Black "Wulf, Constanze"]
[Result "1/2-1/2"]
[WhiteElo "1826"]
[BlackElo "1615"]
[PlyCount "144"]
[EventDate "2013.07.31"]
[EventType "swiss"]
[EventRounds "7"]
[EventCountry "GER"]
[Source "LSV Meck.-Vorp."]
[SourceDate "1999.06.01"]
[WhiteTeam "SF Schwerin"]
[BlackTeam "SC Mecklenburger Springer"]

1. e4 c6 2. d4 d5 3. exd5 cxd5 4. c4 Nf6 5. Nc3 g6 6. Bg5 Nbd7 7. cxd5 Bg7 8.
g3 O-O 9. Bg2 h6 10. Bxf6 Nxf6 11. Nge2 Rb8 12. O-O b6 13. Re1 Bb7 14. Qb3 Qd7
15. Rad1 Rfd8 16. Qa3 Ba8 17. Nf4 Bf8 18. Qb3 b5 19. Bh3 Qb7 20. Bg2 Qd7 21. d6
Qxd6 22. Nxg6 Bxg2 23. Kxg2 b4 24. Ne5 Nd5 25. Ne4 Qe6 26. Qf3 Rb6 27. Kg1 Bg7
28. Ng4 Qg6 29. Nc5 Nf6 30. Ne5 Qh5 31. Qg2 Re8 32. Nc6 Nd5 33. Ne5 Nf6 34. d5
Rd6 35. f4 Qf5 36. Re2 Ng4 37. Ncd3 Nxe5 38. fxe5 Rg6 39. Nxb4 Bxe5 40. Nc6 Bd6
41. b4 a6 42. Rf2 Qg4 43. Rd4 Qg5 44. Re2 Rf6 45. Re1 Rf5 46. Qe2 Kf8 47. Rg4
Qf6 48. Qd3 Rg5 49. Rxg5 Qxg5 50. Qh7 Qg7 51. Qf5 Qg5 52. Qf3 Kg8 53. a3 Rc8
54. Qe2 Rc7 55. Qe4 Kf8 56. Re2 Rb7 57. Kg2 Rb5 58. Qh7 Qg7 59. Qxg7+ Kxg7 60.
Nxe7 Bxe7 61. Rxe7 Rxd5 62. Ra7 Rd2+ 63. Kh3 Rd6 64. Kg4 Kg6 65. a4 a5 66. bxa5
Rd4+ 67. Kf3 Rxa4 68. Ra8 Kf5 69. a6 Ra3+ 70. Kg2 Kg4 71. h3+ Kf5 72. a7 Ra2+
1/2-1/2

[Event "SSC-Rostock-Open 2013"]
[Site "Rostock"]
[Date "2013.08.03"]
[Round "6.23"]
[White "Raitza, Egon"]
[Black "Schubert, Jens"]
[Result "0-1"]
[WhiteElo "1856"]
[BlackElo "1613"]
[PlyCount "80"]
[EventDate "2013.07.31"]
[EventType "swiss"]
[EventRounds "7"]
[EventCountry "GER"]
[Source "LSV Meck.-Vorp."]
[SourceDate "1999.06.01"]
[WhiteTeam "SSC Rostock 07"]
[BlackTeam "SV Turbine Neubrandenburg"]

1. d4 d5 2. c4 e6 3. Nc3 c5 4. e3 Nc6 5. Nf3 Nf6 6. Be2 Be7 7. O-O O-O 8. a3 a6
9. dxc5 dxc4 10. Bxc4 Bxc5 11. b4 Bd6 12. Bd3 Qc7 13. Ne4 Nxe4 14. Bxe4 Ne5 15.
Nd4 Rd8 16. Bd2 Qe7 17. Rc1 Qh4 18. f4 Ng4 19. Nf3 Qe7 20. Bxh7+ Kf8 21. Bb1 b5
22. Qc2 Nf6 23. e4 e5 24. fxe5 Bxe5 25. Nxe5 Qxe5 26. Bf4 Qd4+ 27. Kh1 Bb7 28.
e5 Be4 29. Qc5+ Qxc5 30. Rxc5 Bxb1 31. Rxb1 Ne4 32. Rc7 Rd3 33. Rf1 Kg8 34. g4
Rad8 35. Kg2 Rxa3 36. Bg3 Ra2+ 37. Kh3 Nxg3 38. hxg3 g5 39. Rfxf7 Rdd2 40. Rg7+
Kf8 0-1

[Event "SSC-Rostock-Open 2013"]
[Site "Rostock"]
[Date "2013.08.03"]
[Round "6.24"]
[White "Schulz, Daniel"]
[Black "Worm, Alfred"]
[Result "0-1"]
[WhiteElo "1383"]
[BlackElo "1844"]
[PlyCount "72"]
[EventDate "2013.07.31"]
[EventType "swiss"]
[EventRounds "7"]
[EventCountry "GER"]
[Source "LSV Meck.-Vorp."]
[SourceDate "1999.06.01"]
[WhiteTeam "SG Eintracht Neubrandenburg"]
[BlackTeam "SSC Rostock 07"]

1. e4 c6 2. d4 d5 3. e5 Bf5 4. Nf3 e6 5. Be3 Qb6 6. b3 Nd7 7. c4 dxc4 8. Bxc4
Bb4+ 9. Bd2 Ne7 10. a3 Bxd2+ 11. Nbxd2 c5 12. dxc5 Nxc5 13. O-O Rd8 14. b4 Nd3
15. Qa4+ Nc6 16. Bb5 O-O 17. Nc4 Qc7 18. Bxc6 bxc6 19. Nd6 Nxe5 20. Nxe5 Rxd6
21. Rac1 Be4 22. b5 Bd5 23. Nxc6 Qb7 24. Qb4 Rd7 25. Na5 Qa8 26. Rfd1 Rfd8 27.
f3 Qb8 28. Nb3 Qb6+ 29. Kf1 Qe3 30. Nd2 h6 31. Rc3 Qg5 32. Ke1 Qxg2 33. Qc5
Bxf3 34. Qe3 Bxd1 35. Kxd1 Rxd2+ 36. Ke1 Rd1# 0-1

[Event "SSC-Rostock-Open 2013"]
[Site "Rostock"]
[Date "2013.08.03"]
[Round "6.25"]
[White "Massloch, Philipp"]
[Black "Leisner, Ekkehardt"]
[Result "1-0"]
[WhiteElo "1818"]
[BlackElo "1588"]
[PlyCount "109"]
[EventDate "2013.07.31"]
[EventType "swiss"]
[EventRounds "7"]
[EventCountry "GER"]
[Source "LSV Meck.-Vorp."]
[SourceDate "1999.06.01"]
[WhiteTeam "SAV Torgelow-Droegeheide 90"]
[BlackTeam "SV Turbine Neubrandenburg"]

1. e4 d5 2. exd5 Nf6 3. d4 Nxd5 4. Nf3 Bg4 5. c4 Nb6 6. Be2 e6 7. O-O Be7 8.
Nc3 O-O 9. Be3 Nc6 10. d5 exd5 11. cxd5 Nb4 12. Bxb6 axb6 13. a3 Na6 14. b4 Bf6
15. Rc1 Re8 16. h3 Bf5 17. Nd4 Bg6 18. Bf3 c5 19. dxc6 Bxd4 20. cxb7 Rb8 21.
Nb5 Be5 22. Qxd8 Rbxd8 23. Rfd1 Bd3 24. Rc8 Rxc8 25. bxc8=Q Rxc8 26. Rxd3 Rc1+
27. Bd1 Kf8 28. Kf1 Ke7 29. Ke2 f6 30. Re3 Kd8 31. Rd3+ Ke7 32. Nd4 Bxd4 33.
Rxd4 Nb8 34. Kd2 Rc7 35. Bc2 h6 36. Bb3 Nd7 37. f4 Nf8 38. Kd3 Nd7 39. Re4+ Kd8
40. Be6 Nb8 41. Rc4 Na6 42. Rxc7 Nxc7 43. Bc4 Kd7 44. a4 Kd6 45. Kd4 f5 46. a5
b5 47. Bf7 Na6 48. Kc3 Ke7 49. Bg6 Ke6 50. Be8 Nc7 51. Bc6 Kd6 52. Bb7 g6 53.
a6 g5 54. fxg5 hxg5 55. a7 1-0

[Event "SSC-Rostock-Open 2013"]
[Site "Rostock"]
[Date "2013.08.03"]
[Round "6.26"]
[White "Schamber, Dennis"]
[Black "Jaehn, Janis"]
[Result "1/2-1/2"]
[WhiteElo "1544"]
[BlackElo "1747"]
[PlyCount "105"]
[EventDate "2013.07.31"]
[EventType "swiss"]
[EventRounds "7"]
[EventCountry "GER"]
[Source "LSV Meck.-Vorp."]
[SourceDate "1999.06.01"]
[WhiteTeam "TuS Makkabi Rostock"]
[BlackTeam "SF Schwerin"]

1. d4 Nf6 2. c4 e5 3. e3 Bb4+ 4. Nc3 exd4 5. exd4 O-O 6. Bd3 Re8+ 7. Nge2 d5 8.
cxd5 Nxd5 9. O-O Bg4 10. Nxd5 Qxd5 11. f3 Bh5 12. Be4 Qb5 13. Nf4 Bg6 14. Nxg6
hxg6 15. Bd2 c6 16. a3 Bd6 17. Bc3 Nd7 18. d5 cxd5 19. Qxd5 Qxd5 20. Bxd5 Bc5+
21. Kh1 Rab8 22. Rfe1 Nf6 23. Bc4 Rbd8 24. b4 Rxe1+ 25. Rxe1 Bd4 26. Rd1 Bb6
27. Rxd8+ Bxd8 28. Bd4 b6 29. Kg1 Kf8 30. Kf2 Ne8 31. g4 f6 32. f4 Ke7 33. Kf3
Nd6 34. Bd3 Kf7 35. h3 Bc7 36. h4 Bd8 37. g5 Bc7 38. Kg4 Bd8 39. b5 Bc7 40. a4
Bd8 41. Bc3 Be7 42. Kf3 fxg5 43. hxg5 Bf8 44. Be5 Nf5 45. Bxf5 gxf5 46. Bb8 g6
47. Bxa7 Bc5 48. Ke2 Ke6 49. Kd3 Kd5 50. Bb8 Bb4 51. Bc7 Ba5 52. Kc2 Kc4 53.
Bd6 1/2-1/2

[Event "SSC-Rostock-Open 2013"]
[Site "Rostock"]
[Date "2013.08.03"]
[Round "6.27"]
[White "Wurst, Maximilian"]
[Black "Graeber, Gero"]
[Result "1/2-1/2"]
[WhiteElo "1441"]
[BlackElo "1722"]
[PlyCount "81"]
[EventDate "2013.07.31"]
[EventType "swiss"]
[EventRounds "7"]
[EventCountry "GER"]
[Source "LSV Meck.-Vorp."]
[SourceDate "1999.06.01"]
[WhiteTeam "SSC Rostock 07"]
[BlackTeam "SC Tettnang"]

1. e4 e5 2. Nf3 Nc6 3. Bc4 Be7 4. Nc3 Nf6 5. d3 d6 6. h3 a6 7. a3 b5 8. Ba2 O-O
9. O-O Nd4 10. Nxd4 exd4 11. Nd5 Nxd5 12. Bxd5 Rb8 13. f4 c5 14. f5 Bb7 15. Ba2
Bf6 16. Rf3 d5 17. Rg3 dxe4 18. dxe4 Be5 19. Rg4 c4 20. b3 d3 21. Rb1 dxc2 22.
Qxc2 Qd3 23. Qxd3 cxd3 24. Bd2 Rbc8 25. Rd1 Rfd8 26. Bb1 h5 27. Rh4 Bc3 28. Be3
Bf6 29. Rf4 Bg5 30. Rf3 Bxe3+ 31. Rxe3 d2 32. Kf2 Rc1 33. Ke2 Rd4 34. g3 a5 35.
e5 Bg2 36. Bd3 Bf1+ 37. Rxf1 Rxf1 38. Kxd2 Rf2+ 39. Kc3 Rd8 40. e6 fxe6 41.
fxe6 1/2-1/2

[Event "SSC-Rostock-Open 2013"]
[Site "Rostock"]
[Date "2013.08.03"]
[Round "6.29"]
[White "Schulz, Ronald"]
[Black "Lick, Helmut"]
[Result "1-0"]
[WhiteElo "1574"]
[BlackElo "1489"]
[PlyCount "29"]
[EventDate "2013.07.31"]
[EventType "swiss"]
[EventRounds "7"]
[EventCountry "GER"]
[Source "LSV Meck.-Vorp."]
[SourceDate "1999.06.01"]
[WhiteTeam "SG Eintracht Neubrandenburg"]
[BlackTeam "SK Lister Turm"]

1. e4 c5 2. c3 d5 3. exd5 Qxd5 4. d4 cxd4 5. cxd4 Nc6 6. Nf3 Nf6 7. Nc3 Qd8 8.
Be3 e6 9. Be2 Be7 10. O-O Bd7 11. d5 exd5 12. Nxd5 Nxd5 13. Qxd5 Qa5 14. Bb5 a6
15. Bxc6 1-0

[Event "SSC-Rostock-Open 2013"]
[Site "Rostock"]
[Date "2013.08.03"]
[Round "6.30"]
[White "Kreutz, Ralf"]
[Black "Wulf, Doris"]
[Result "1-0"]
[WhiteElo "1573"]
[BlackElo "1138"]
[PlyCount "57"]
[EventDate "2013.07.31"]
[EventType "swiss"]
[EventRounds "7"]
[EventCountry "GER"]
[Source "LSV Meck.-Vorp."]
[SourceDate "1999.06.01"]
[WhiteTeam "SV Koenigsjaeger Sued-West"]
[BlackTeam "SC Mecklenburger Springer"]

1. e4 c5 2. Nf3 e6 3. c3 Nf6 4. d3 Be7 5. Be3 d6 6. Nbd2 Nbd7 7. d4 b6 8. h3
Bb7 9. e5 Nd5 10. Qe2 Nxe3 11. Qxe3 O-O 12. Bd3 d5 13. O-O h6 14. Bc2 b5 15.
Nh2 Rc8 16. Ng4 cxd4 17. Qd3 f5 18. exf6 Nxf6 19. Nxf6+ Bxf6 20. Rfe1 Qe8 21.
Qh7+ Kf7 22. Bg6+ Ke7 23. Bxe8 Rcxe8 24. Qf5 Kd6 25. Qf4+ e5 26. Qg3 dxc3 27.
bxc3 Rf7 28. Rad1 Bg5 29. Ne4+ 1-0

[Event "SSC-Rostock-Open 2013"]
[Site "Rostock"]
[Date "2013.08.03"]
[Round "6.31"]
[White "Langer, Moritz"]
[Black "Breuel, Steffen"]
[Result "1-0"]
[WhiteElo "1191"]
[BlackElo "1183"]
[PlyCount "95"]
[EventDate "2013.07.31"]
[EventType "swiss"]
[EventRounds "7"]
[EventCountry "GER"]
[Source "LSV Meck.-Vorp."]
[SourceDate "1999.06.01"]
[WhiteTeam "TuS Makkabi Rostock"]
[BlackTeam "SSC Rostock 07"]

1. d4 Nf6 2. c4 g6 3. Nc3 Bg7 4. Nf3 d6 5. g3 Nbd7 6. Bg2 O-O 7. O-O e5 8. d5
h6 9. e4 Nh7 10. Nh4 Bf6 11. Bxh6 Re8 12. Nf3 Kh8 13. Be3 Rg8 14. b4 Be7 15.
Nd2 f5 16. exf5 gxf5 17. f4 e4 18. Bd4+ Bf6 19. Nb3 Bxd4+ 20. Qxd4+ Ndf6 21.
Nd1 Qe7 22. Ne3 Qg7 23. c5 Bd7 24. a4 b6 25. cxd6 cxd6 26. Bh3 Ng4 27. Qxg7+
Rxg7 28. Nxg4 fxg4 29. Bg2 Nf6 30. Rfe1 Bf5 31. Nd4 Bh7 32. b5 Rc7 33. Ne6 Rc4
34. Red1 Bf5 35. Rd4 Rac8 36. Rad1 e3 37. Rxc4 Rxc4 38. Re1 Rc3 39. Nd4 Be4 40.
Bxe4 Nxe4 41. Nf5 Nd2 42. Rxe3 Nf3+ 43. Kf2 Rc2+ 44. Re2 Nd2 45. Nxd6 Ne4+ 46.
Nxe4 Rc4 47. d6 Rd4 48. Rd2 1-0

[Event "SSC-Rostock-Open 2013"]
[Site "Rostock"]
[Date "2013.08.03"]
[Round "6.32"]
[White "Rozhanskyy, Oleksiy"]
[Black "Gazizova, Alina"]
[Result "1-0"]
[WhiteElo "1199"]
[BlackElo "1120"]
[PlyCount "113"]
[EventDate "2013.07.31"]
[EventType "swiss"]
[EventRounds "7"]
[EventCountry "GER"]
[Source "LSV Meck.-Vorp."]
[SourceDate "1999.06.01"]
[WhiteTeam "SSC Rostock 07"]
[BlackTeam "TuS Makkabi Rostock"]

1. e4 c5 2. Nf3 d6 3. d3 a6 4. g3 g6 5. Bg2 Bg7 6. O-O Nc6 7. c3 e6 8. Be3 Nge7
9. Nbd2 O-O 10. d4 cxd4 11. cxd4 b5 12. Rc1 Rb8 13. Qb3 Qa5 14. Rc2 Nb4 15.
Rcc1 Bd7 16. a3 Nbc6 17. Rc2 Rfc8 18. Rfc1 Nd8 19. Bg5 Ndc6 20. Be3 Nd8 21. Bh3
Rxc2 22. Rxc2 Rc8 23. Rxc8 Bxc8 24. d5 e5 25. Bxc8 Nxc8 26. Qc3 Qxc3 27. bxc3
Ne7 28. c4 Nb7 29. Ne1 f5 30. f3 Kf7 31. Nc2 h6 32. Nb4 bxc4 33. Nxc4 a5 34.
Nc6 Nc8 35. N6xa5 Nxa5 36. Nxa5 g5 37. Nc4 f4 38. Bf2 h5 39. a4 Ke7 40. a5 Kd7
41. a6 Kc7 42. Na5 Kb8 43. Nc6+ Ka8 44. Kf1 Bh6 45. Ke2 g4 46. gxf4 Bxf4 47.
Bg1 Bh6 48. fxg4 hxg4 49. Kf1 Bf4 50. Kg2 Bh6 51. Bf2 Bf4 52. h4 gxh3+ 53. Kxh3
Bg5 54. Kg4 Bf4 55. Kf5 Bh2 56. Ke6 Bf4 57. Kd7 1-0

[Event "SSC-Rostock-Open 2013"]
[Site "Rostock"]
[Date "2013.08.03"]
[Round "6.34"]
[White "Zeis, Konstantin"]
[Black "Massloch, Lea"]
[Result "1/2-1/2"]
[WhiteElo "1157"]
[BlackElo "993"]
[PlyCount "95"]
[EventDate "2013.07.31"]
[EventType "swiss"]
[EventRounds "7"]
[EventCountry "GER"]
[Source "LSV Meck.-Vorp."]
[SourceDate "1999.06.01"]
[WhiteTeam "TuS Makkabi Rostock"]
[BlackTeam "SAV Torgelow-Droegeheide 90"]

1. d4 e6 2. c4 f5 3. Nc3 Nf6 4. Nf3 d5 5. Bg5 c6 6. e3 Bd6 7. Bd3 Qe7 8. O-O
O-O 9. Qc2 Bd7 10. a3 Be8 11. Rac1 Bh5 12. Be2 Bxf3 13. Bxf3 Nbd7 14. b4 Rac8
15. c5 Bc7 16. Be2 Qf7 17. a4 Qg6 18. Bxf6 Rxf6 19. Rb1 Qg5 20. g3 f4 21. exf4
Bxf4 22. b5 h5 23. h4 Qh6 24. bxc6 bxc6 25. Rb7 Bc7 26. Rxa7 Rg6 27. Qd3 Nf8
28. Rb7 Qf4 29. Kh2 Qf6 30. Bxh5 Rh6 31. Bg4 g5 32. Kg2 gxh4 33. gxh4 Qxh4 34.
Qh3 Qf6 35. Qf3 Qh4 36. Qh3 Qf6 37. Qf3 Rh2+ 38. Kg1 Qh4 39. Rb2 Kh8 40. Rd2
Nh7 41. Re1 Ng5 42. Qf6+ Kg8 43. Qg6+ Kh8 44. Qf6+ Kg8 45. Qg6+ Kf8 46. Qf6+
Kg8 47. Qg6+ Kh8 48. Qf6+ 1/2-1/2

[Event "SSC-Rostock-Open 2013"]
[Site "Rostock"]
[Date "2013.08.04"]
[Round "7.1"]
[White "Tomczak, Jacek"]
[Black "Szelag, Marcin"]
[Result "1-0"]
[WhiteElo "2564"]
[BlackElo "2488"]
[PlyCount "121"]
[EventDate "2013.07.31"]
[EventType "swiss"]
[EventRounds "7"]
[EventCountry "GER"]
[Source "LSV Meck.-Vorp."]
[SourceDate "1999.06.01"]
[WhiteTeam "SSC Rostock 07"]
[BlackTeam "SSC Rostock 07"]

1. e4 e6 2. d4 d5 3. Nc3 Bb4 4. e5 Ne7 5. a3 Bxc3+ 6. bxc3 c5 7. h4 Nbc6 8. h5
Qa5 9. Bd2 Bd7 10. Nf3 h6 11. Rb1 Qc7 12. Bf4 O-O-O 13. Bd3 Kb8 14. dxc5 Ka8
15. Qe2 g5 16. hxg6 Nxg6 17. Qe3 f5 18. Kd2 Nce7 19. Bxh6 d4 20. cxd4 Nd5 21.
Qe1 Bc6 22. Kc1 Ndf4 23. Bxf4 Rxh1 24. Qxh1 Nxf4 25. Qh4 Nxd3+ 26. cxd3 Rg8 27.
Nd2 Qa5 28. Kd1 Qxa3 29. Ke2 Qc3 30. g3 Bd5 31. Qh7 Rb8 32. Qh4 Rc8 33. Ke3 Ba2
34. Rh1 Bd5 35. Rb1 Ba2 36. Rh1 Bd5 37. f3 a5 38. Qe7 Qc2 39. Qd7 Rg8 40. Ra1
Qc3 41. Qa4 Rxg3 42. Qxa5+ Qxa5 43. Rxa5+ Kb8 44. Ra1 Rh3 45. Rf1 Kc7 46. Nc4
b5 47. cxb6+ Kb7 48. Rf2 Kc6 49. Nd6 Kxb6 50. Nc8+ Kc7 51. Ne7 Bb7 52. Ng6 Kd7
53. Nf4 Rg3 54. d5 exd5 55. Kd4 Rg1 56. Nxd5 Ra1 57. Rc2 Bxd5 58. Kxd5 Ra3 59.
d4 Rxf3 60. e6+ Kd8 61. Kd6 1-0

[Event "SSC-Rostock-Open 2013"]
[Site "Rostock"]
[Date "2013.08.04"]
[Round "7.2"]
[White "Skibbe, Willi"]
[Black "Brynell, Stellan"]
[Result "0-1"]
[WhiteElo "2292"]
[BlackElo "2484"]
[PlyCount "60"]
[EventDate "2013.07.31"]
[EventType "swiss"]
[EventRounds "7"]
[EventCountry "GER"]
[Source "LSV Meck.-Vorp."]
[SourceDate "1999.06.01"]
[WhiteTeam "SSC Rostock 07"]
[BlackTeam "SSC Rostock 07"]

1. d4 e6 2. c4 Nf6 3. Nc3 Bb4 4. e3 O-O 5. Nge2 c6 6. a3 Ba5 7. g3 d5 8. cxd5
exd5 9. Bg2 Nbd7 10. O-O Bc7 11. b4 a5 12. Rb1 axb4 13. axb4 Nb6 14. Qc2 Re8
15. f3 Nc4 16. e4 dxe4 17. fxe4 Na3 18. Bxa3 Rxa3 19. Qb2 Ra8 20. e5 Ng4 21. b5
Bd7 22. b6 Bb8 23. Ne4 Ne3 24. Rf2 Nxg2 25. Kxg2 Be6 26. Kg1 Bc4 27. Qb4 Bd3
28. Nc5 Bxb1 29. Qxb1 Qe7 30. Nf4 Bxe5 0-1

[Event "SSC-Rostock-Open 2013"]
[Site "Rostock"]
[Date "2013.08.04"]
[Round "7.3"]
[White "Stern, Rene"]
[Black "Schulz, Michael"]
[Result "1-0"]
[WhiteElo "2499"]
[BlackElo "2249"]
[PlyCount "53"]
[EventDate "2013.07.31"]
[EventType "swiss"]
[EventRounds "7"]
[EventCountry "GER"]
[Source "LSV Meck.-Vorp."]
[SourceDate "1999.06.01"]
[WhiteTeam "SK Koenig Tegel 1949"]
[BlackTeam "SC Empor Potsdam 1952"]

1. Nf3 c5 2. g3 Nc6 3. Bg2 e5 4. O-O g6 5. c4 Bg7 6. Nc3 Nge7 7. d3 O-O 8. Bg5
h6 9. Bd2 d6 10. a3 Bg4 11. Rb1 Qd7 12. b4 cxb4 13. axb4 Nd4 14. e3 {(=)} Nxf3+
15. Bxf3 f5 16. Bxg4 fxg4 17. f3 h5 18. fxg4 Rxf1+ 19. Qxf1 hxg4 20. e4 Rf8 21.
Qe2 Nc6 22. Be3 Rf3 23. Nd5 Qf7 24. Kg2 Kh7 25. Rh1 g5 26. h3 Qh5 27. Qd1 1-0

[Event "SSC-Rostock-Open 2013"]
[Site "Rostock"]
[Date "2013.08.04"]
[Round "7.4"]
[White "Fries Nielsen, Jens Ove"]
[Black "Leisner, Hannes"]
[Result "1/2-1/2"]
[WhiteElo "2381"]
[BlackElo "2208"]
[PlyCount "114"]
[EventDate "2013.07.31"]
[EventType "swiss"]
[EventRounds "7"]
[EventCountry "GER"]
[Source "LSV Meck.-Vorp."]
[SourceDate "1999.06.01"]
[WhiteTeam "FC ST. Pauli 1910"]
[BlackTeam "Greifswalder SV"]

1. d4 g6 2. Nc3 Bg7 3. e4 d6 4. Nf3 a6 5. a4 b6 6. Bg5 h6 7. Bh4 g5 8. Bg3 e6
9. h4 g4 10. Nh2 h5 11. f3 gxf3 12. Nxf3 Nf6 13. Ng5 Nc6 14. Be2 Nh7 15. Nxh7
Rxh7 16. e5 dxe5 17. Bd3 f5 18. Qf3 Bd7 19. d5 Nb4 20. Be4 fxe4 21. Qxe4 Rh6
22. Qxb4 exd5 23. Nxd5 Bc6 24. Ne3 Qd4 25. Qb3 O-O-O 26. Rd1 Qe4 27. Rxd8+ Kxd8
28. O-O Kc8 29. Qg8+ Kb7 30. Qxg7 Qxe3+ 31. Kh2 Qe4 32. Bxe5 Rh7 33. Qg5 Re7
34. Bc3 Rd7 35. a5 b5 36. Rf2 Rd6 37. Qf4 Qg6 38. Qf5 Qe8 39. Qf7 Qe4 40. Qf4
Qg6 41. Bd4 Qe8 42. c3 Rg6 43. Qe5 Rg4 44. Qxe8 Rxh4+ 45. Kg1 Bxe8 {(=)} 46.
Re2 Bc6 47. Re7 Re4 48. Rh7 Re2 49. g3 Kc8 50. Rxh5 Rg2+ 51. Kf1 Rxg3 52. Rh8+
Kd7 53. Rh7+ Kd6 54. Bg1 Rg2 55. Bh2+ Kc5 56. b3 Rc2 57. Be5 Kd5 1/2-1/2

[Event "SSC-Rostock-Open 2013"]
[Site "Rostock"]
[Date "2013.08.04"]
[Round "7.5"]
[White "Hess, Christian"]
[Black "Schnicke, Robert"]
[Result "1/2-1/2"]
[WhiteElo "2289"]
[BlackElo "2199"]
[PlyCount "91"]
[EventDate "2013.07.31"]
[EventType "swiss"]
[EventRounds "7"]
[EventCountry "GER"]
[Source "LSV Meck.-Vorp."]
[SourceDate "1999.06.01"]
[WhiteTeam "Koenigsspringer SC 1984"]
[BlackTeam "TV Winnweiler"]

1. Nf3 Nf6 2. c4 g6 3. Nc3 Bg7 4. d4 O-O 5. Bg5 h6 6. Bh4 d6 7. e3 c6 8. Qc2 d5
9. Bd3 dxc4 10. Bxc4 Nd5 11. O-O Qd7 12. h3 Nxc3 13. bxc3 b5 14. Bb3 g5 15. Bg3
Qf5 16. Qe2 Qg6 17. Ne5 Bxe5 18. Bxe5 Bf5 19. Rad1 Be6 20. Bc2 Bc4 21. Qxc4
Qxc2 22. Qc5 Qxa2 23. Ra1 Qe6 24. Bxb8 Rfxb8 25. Rxa7 Rxa7 26. Qxa7 Rf8 27. Ra1
f5 28. Qa2 Kf7 29. Qe2 Kg7 30. Ra6 Rc8 31. Qd3 Qe4 32. Qxe4 fxe4 33. Rb6 Kf7
34. f3 exf3 35. gxf3 Ke6 36. e4 Kd7 37. Ra6 e5 38. Kf2 exd4 39. cxd4 Rb8 40.
Ra3 b4 41. Rb3 c5 42. dxc5 Kc6 43. Ke3 Kxc5 44. Kd2 Kc4 45. Re3 b3 46. Kc1
1/2-1/2

[Event "SSC-Rostock-Open 2013"]
[Site "Rostock"]
[Date "2013.08.04"]
[Round "7.6"]
[White "Hilbig, Dieter"]
[Black "Franz, Karsten"]
[Result "0-1"]
[WhiteElo "2029"]
[BlackElo "2191"]
[PlyCount "64"]
[EventDate "2013.07.31"]
[EventType "swiss"]
[EventRounds "7"]
[EventCountry "GER"]
[Source "LSV Meck.-Vorp."]
[SourceDate "1999.06.01"]
[WhiteTeam "ESV Gera"]
[BlackTeam "SV Dresden-Leuben"]

1. e4 g6 2. f4 Bg7 3. Nf3 d6 4. Bc4 Nc6 5. O-O Nf6 6. d3 O-O 7. c3 d5 8. exd5
Na5 9. Qa4 b6 10. b4 Nb7 11. Qb3 Nd6 12. Ne5 b5 13. Nc6 Qe8 14. Re1 bxc4 15.
dxc4 e6 16. Na3 Bd7 17. Nd4 Nde4 18. Nab5 exd5 19. Nxc7 dxc4 20. Qc2 Qc8 21.
Nxa8 Qxa8 22. Bb2 Bf5 23. Nxf5 gxf5 24. Qe2 Qc6 25. a4 Nd5 26. b5 Qb6+ 27. Kf1
Nxf4 28. Qe3 Nd3 29. Qxb6 axb6 30. Ba3 Ra8 31. Re3 Nxc3 32. Rd1 Rxa4 0-1

[Event "SSC-Rostock-Open 2013"]
[Site "Rostock"]
[Date "2013.08.04"]
[Round "7.7"]
[White "Hornych, Christoph"]
[Black "Heerde, Thomas"]
[Result "1-0"]
[WhiteElo "2172"]
[BlackElo "2001"]
[PlyCount "107"]
[EventDate "2013.07.31"]
[EventType "swiss"]
[EventRounds "7"]
[EventCountry "GER"]
[Source "LSV Meck.-Vorp."]
[SourceDate "1999.06.01"]
[WhiteTeam "SF Ostsee Warnemuende"]
[BlackTeam "SC Weisse Dame"]

1. e4 d5 2. exd5 Qxd5 3. Nc3 Qa5 4. d4 Nf6 5. Nf3 Bf5 6. Bc4 Nbd7 7. O-O e6 8.
Bd2 c6 9. Re1 Qc7 10. Bb3 O-O-O 11. h3 h6 12. Ne5 Nxe5 13. dxe5 Nd7 14. Qe2
Nxe5 15. Bf4 Bd6 16. Bxe5 Bxe5 17. Qxe5 Qxe5 18. Rxe5 Rd2 19. Rd1 Rhd8 20. Rxd2
Rxd2 21. Re2 Rd4 22. f3 c5 23. Nb5 Rd1+ 24. Kf2 a6 25. c4 Rd8 26. Nc3 Rd4 27.
Ne4 b6 28. Rd2 Kc7 29. Rxd4 cxd4 30. Bc2 Bg6 31. b4 f5 32. Ng3 Bf7 33. f4 Kd6
34. Bb3 g5 35. Nxf5+ exf5 36. c5+ bxc5 37. Bxf7 cxb4 38. g3 a5 39. Bb3 Kc5 40.
Ke2 Kb5 41. Kd3 a4 42. Bc2 b3 43. axb3 a3 44. Bb1 Kc5 45. Ba2 g4 46. h4 h5 47.
b4+ Kxb4 48. Kxd4 Kb5 49. Ke5 Kc5 50. Kxf5 Kd4 51. Kg5 Ke3 52. f5 Kf3 53. f6
Kxg3 54. f7 1-0

[Event "SSC-Rostock-Open 2013"]
[Site "Rostock"]
[Date "2013.08.04"]
[Round "7.8"]
[White "Marcussen, Claus"]
[Black "Hanisch, Sebastian"]
[Result "0-1"]
[WhiteElo "1835"]
[BlackElo "2097"]
[PlyCount "52"]
[EventDate "2013.07.31"]
[EventType "swiss"]
[EventRounds "7"]
[EventCountry "GER"]
[Source "LSV Meck.-Vorp."]
[SourceDate "1999.06.01"]
[WhiteTeam "Fredericia Skakforening"]
[BlackTeam "SF Schwerin"]

1. f4 b6 2. e3 Bb7 3. Nf3 g6 4. d4 Bg7 5. Bd3 Nf6 6. Nbd2 d5 7. c3 O-O 8. O-O
Ne4 9. Bc2 Nd6 10. Re1 c5 11. Nf1 Nd7 12. Ng3 e6 13. Ne5 Nf6 14. Ng4 Nfe4 15.
Nxe4 Nxe4 16. Nf2 Nd6 17. g4 h6 18. Qf3 Rc8 19. Qg3 cxd4 20. exd4 Bxd4 21. Be3
Bxe3 22. Qxe3 Nc4 23. Qh3 Kg7 24. Rab1 Qc7 25. Qd3 Qxf4 26. Rxe6 Ne5 0-1

[Event "SSC-Rostock-Open 2013"]
[Site "Rostock"]
[Date "2013.08.04"]
[Round "7.9"]
[White "Puschendorf, Steffen"]
[Black "Kioschies, Johann"]
[Result "1-0"]
[WhiteElo "2220"]
[BlackElo "2006"]
[PlyCount "51"]
[EventDate "2013.07.31"]
[EventType "swiss"]
[EventRounds "7"]
[EventCountry "GER"]
[Source "LSV Meck.-Vorp."]
[SourceDate "1999.06.01"]
[WhiteTeam "ESV Gera"]
[BlackTeam "SV Aalen"]

1. d4 d5 2. Nf3 Nf6 3. c4 e6 4. g3 Be7 5. Bg2 Nc6 6. O-O O-O 7. Nc3 Re8 8. Ne5
Nb8 9. Qc2 c6 10. Rd1 Na6 11. a3 Nc7 12. b4 Nd7 13. e4 Nf8 14. Qb3 f6 15. Nf3
Kh8 16. Bf4 Ng6 17. Bxc7 Qxc7 18. cxd5 exd5 19. exd5 Bg4 20. dxc6 bxc6 21. d5
c5 22. d6 Qb7 23. Ng5 Qxg2+ 24. Kxg2 fxg5 25. dxe7 Rxe7 26. Re1 1-0

[Event "SSC-Rostock-Open 2013"]
[Site "Rostock"]
[Date "2013.08.04"]
[Round "7.10"]
[White "Ehlert, Horst"]
[Black "Wenner, Tobias"]
[Result "1/2-1/2"]
[WhiteElo "1998"]
[BlackElo "2136"]
[PlyCount "101"]
[EventDate "2013.07.31"]
[EventType "swiss"]
[EventRounds "7"]
[EventCountry "GER"]
[Source "LSV Meck.-Vorp."]
[SourceDate "1999.06.01"]
[WhiteTeam "SV Laatzen"]
[BlackTeam "SC Eppingen"]

1. c4 f5 2. g3 Nf6 3. Bg2 g6 4. Nc3 d6 5. b4 Bg7 6. Rb1 O-O 7. e3 e5 8. d3 c6
9. Nge2 Be6 10. O-O d5 11. cxd5 cxd5 12. d4 e4 13. Na4 b6 14. b5 Rf7 15. Nf4
Bc8 16. Nc3 g5 17. Nfe2 Nbd7 18. Qb3 Nf8 19. a4 Be6 20. Na2 Rc7 21. Nb4 Ng6 22.
Nc6 Qe8 23. Ba3 Bf8 24. Rbc1 a5 25. Rc2 Rac8 26. Rfc1 Kg7 27. Rc3 Bxa3 28. Qxa3
Qf8 29. Qxf8+ Nxf8 30. Ne5 Rxc3 31. Rxc3 Rxc3 32. Nxc3 N8d7 33. Nxd7 Bxd7 34.
f4 exf3 35. Bxf3 Be6 36. Kf2 Kf8 37. Ke1 Ke7 38. Kf2 Kd6 39. h3 Bf7 40. Bg2 Bh5
41. Bh1 h6 42. Bg2 Bf7 43. Bh1 Nh5 44. Ne2 Bg6 45. Nc3 Bf7 46. Ne2 Bg6 47. Nc3
Bf7 48. Ne2 Be6 49. Bg2 Ng7 50. Bf1 Bc8 51. Bg2 1/2-1/2